El Comportamiento económico en los primeros meses de 1993

Guardat en:
Dades bibliogràfiques
Format: Text
Matèries:
Etiquetes: Afegir etiqueta
Sense etiquetes, Sigues el primer a etiquetar aquest registre!

MARC

LEADER 00000 a a2200000 04500
001 5790
003
040
245 |a El Comportamiento económico en los primeros meses de 1993  
650 |a CONDICIONES ECONOMICAS  
650 |a PRECIOS  
650 |a PRODUCCION  
650 |a EMPLEO  
650 |a SECTOR PRIVADO  
650 |a SECTOR PUBLICO  
773 |g volumen 14, número 565; páginas 6-8  
999 |c 36051  |d 36051